000 00389pab a2200157 454500
008 180718b1995 xxu||||| |||| 00| 0 eng d
100 _aThangaraj, M.
245 _aSocio-economic conditions and problems of agricultural labourers
260 _c1995
300 _ap.44-55
362 _aDec
650 _aLabour - India
650 _aLabour
773 _aSocial Change
909 _a32360
999 _c32360
_d32360